|
|
|
|
| LEADER |
00837nam a22002652a 4500 |
| 001 |
001714782 |
| 003 |
CZ BrMZK |
| 005 |
20191104120500.0 |
| 007 |
ta |
| 008 |
191104s1929 xr er|||||||||||cze d |
| 015 |
|
|
|a cnb000538967
|
| 020 |
|
|
|q (Brož.)
|
| 035 |
|
|
|a (OCoLC)7609684
|
| 040 |
|
|
|a ABA001
|b cze
|c ULG001
|d ABA001
|
| 100 |
1 |
|
|a Herman, František,
|d 1871-1949
|7 jk01040837
|4 aut
|
| 245 |
1 |
0 |
|a Román dobrého člověka.
|n Díl I /
|c Napsal František Herman
|
| 260 |
|
|
|a V Praze :
|b A. Neubert,
|c 1929
|
| 300 |
|
|
|a 199 s. ;
|c 18 cm
|
| 490 |
1 |
|
|a Vybrané spisy dobrých autorů ;
|v sv. 52
|
| 830 |
|
0 |
|a Vybrané spisy dobrých autorů
|0 s
|
| 910 |
|
|
|a BOA001
|b 1-0229.661,1
|
| 990 |
|
|
|a BK
|
| 995 |
|
|
|a 01
|
| 991 |
|
|
|b 201911
|
| 996 |
6 |
|
|b 2610801204
|c 1-0229.661,1
|l MZK
|r Sklad / do 1 hodiny
|n 0
|p dar
|w 001765032
|u 000010
|a 1
|e BOA001
|j MZK50
|s P
|